000
00243nam a2200097Ia 4500
008
240331s9999 xx 000 0 und d
082
_b
BOU
100
_a
Boilding,E
245
4
_a
The underside of history :
_b
aview of women through time
942
_c
L
999
_c
4472
_d
4472